| 000 | 00602nam a2200169 i 4500 | ||
|---|---|---|---|
| 001 | 49876 | ||
| 003 | ES-MaACL | ||
| 005 | 20230906162058.0 | ||
| 007 | t| | ||
| 008 | 030724s1963 sp ||||1| spa d | ||
| 100 | 1 |
_aCramer, Herbert. _941437 |
|
| 245 | 1 | 3 |
_aLa colposcopía en la práctica _b: introducción al diagnóstico precoz del carcinoma del cuello uterino / _cpor Herbert Cramer ; traducción por Estanislao de Amilibia. |
| 260 |
_aBarcelona : _bLabor, _c1963. |
||
| 300 |
_aXII, 117 p. : _bil. ; _c22 cm. |
||
| 700 | 1 |
_aAmilibia, Estanislao de. _921250 |
|
| 852 |
_aES-MaACL _jC-24172 _bR.52966 |
||
| 999 |
_c49876 _d49876 |
||